000 00511nam a22001457a 4500
008 210304b ||||| |||| 00| 0 eng d
020 _a9789998080812
082 _a895.4 RIN
100 _aRinzin, Tshewang
245 _aབློ་གསར་ལམ་སྟོན་གྱི་སྙན་ངག་དབྱར་རྔའི་སྒྲ་དབྱངས།
260 _aThimphu :
_bTango University of Buddhist Studies,
_c2019.
300 _a248 p.
_c21 cm.
650 _aསྙན་ངག
942 _2ddc
999 _c8648
_d8649